<?xml version="1.0" encoding="UTF-8"?>
<collection xmlns="http://www.loc.gov/MARC21/slim">
 <record>
  <leader>00716nam a2200157 a 4500</leader>
  <controlfield tag="001">1/27566</controlfield>
  <controlfield tag="008">050823s1998    gr  d    bi   00110 gre d</controlfield>
  <datafield tag="035" ind1=" " ind2=" ">
   <subfield code="l">29427</subfield>
  </datafield>
  <datafield tag="082" ind1="0" ind2="0">
   <subfield code="a">515.3 ΠΑΠ</subfield>
  </datafield>
  <datafield tag="100" ind1="1" ind2=" ">
   <subfield code="a">Παπαντωνίου, Βασίλειος Ι.</subfield>
  </datafield>
  <datafield tag="245" ind1="1" ind2="0">
   <subfield code="a">Διαφορική γεωμετρία:</subfield>
   <subfield code="b">Θεωρία καμπυλών. Τόμος 1 /</subfield>
   <subfield code="c">Βασίλειου Ι. Παπαντωνίου</subfield>
  </datafield>
  <datafield tag="260" ind1="0" ind2=" ">
   <subfield code="a">Πάτρα:</subfield>
   <subfield code="b">[χ.ε.],</subfield>
   <subfield code="c">1998</subfield>
  </datafield>
  <datafield tag="300" ind1=" " ind2=" ">
   <subfield code="a">1 τ. :</subfield>
   <subfield code="b">πιν. ;</subfield>
   <subfield code="c">25 εκ.</subfield>
  </datafield>
  <datafield tag="504" ind1=" " ind2=" ">
   <subfield code="a">Περιέχει βιβλιιογραφία και ευρετήριο</subfield>
  </datafield>
  <datafield tag="650" ind1=" " ind2="4">
   <subfield code="a">Γεωμετρία, Διαφορική.</subfield>
  </datafield>
  <datafield tag="852" ind1=" " ind2=" ">
   <subfield code="a">INST</subfield>
   <subfield code="b">UNIPILB</subfield>
   <subfield code="c">MAIN</subfield>
   <subfield code="e">20050823</subfield>
   <subfield code="h">515.3 ΠΑΠ</subfield>
   <subfield code="p">00149161</subfield>
   <subfield code="q">00149161</subfield>
   <subfield code="t">LOAN</subfield>
   <subfield code="y">0</subfield>
   <subfield code="4">1</subfield>
  </datafield>
 </record>
</collection>
